[Event "Chigorin Memorial 2018"]
[Site "St. Petersburg"]
[Date "2018.10.30"]
[Round "4.138"]
[White "Rudovskii, Filipp"]
[Black "Shemakhanov, Danila"]
[Result "1/2-1/2"]
[WhiteElo "2054"]
[BlackElo "1559"]
[PlyCount "130"]
[EventDate "2018.10.27"]
[EventType "swiss"]
[EventCountry "RUS"]
[WhiteTeam "Russland"]
[BlackTeam "Russland"]
[WhiteTeamCountry "RUS"]
[BlackTeamCountry "RUS"]

1. e4 e6 2. d3 d5 3. Nd2 Nf6 4. g3 c5 5. Bg2 Nc6 6. Ngf3 Be7 7. O-O O-O 8. e5 Nd7 9. Qe2 Qc7 10. Re1 Re8 11. h4 f6 12. exf6 Nxf6 13. c3 Bd6 14. Nb3 b6 15. Bg5 Nd7 16. d4 c4 17. Nbd2 h6 18. Be3 Nf6 19. Nh2 e5 20. dxe5 Nxe5 21. Rf1 Bf5 22. Qd1 Rad8 23. Bd4 Bc5 24. Ndf3 Nfg4 25. Nxe5 Nxe5 26. Re1 Qd6 27. Qa4 Bd7 28. Qd1 Nd3 29. Rxe8+ Rxe8 30. Qh5 Bc6 31. Nf3 Re7 32. b4 Bxd4 33. Nxd4 Re5 34. Qf3 a6 35. Bf1 Ne1 36. Qf4 Qc7 37. Nxc6 Qxc6 38. Kh2 Qe6 39. Bh3 Qe7 40. Rd1 Nd3 41. Qd4 b5 42. Bg2 Qe6 43. Rf1 g5 44. Kg1 Kh7 45. hxg5 hxg5 46. f4 gxf4 47. gxf4 Rh5 48. a3 Qd6 49. Rf3 Qe6 50. Re3 Qf7 51. Bf3 Qg6+ 52. Kf1 Rf5 53. Re7+ Rf7 54. Re8 Rg7 55. Qe3 Nxf4 56. Qxf4 Qxe8 57. Qh4+ Kg8 58. Bxd5+ Rf7+ 59. Bxf7+ Qxf7+ 60. Ke2 Qe6+ 61. Kd2 Qd5+ 62. Kc1 Qe6 63. Qg3+ Kf7 64. Qf2+ Kg6 65. Kb2 Kg5 1/2-1/2

[Event "Chigorin Memorial 2018"]
[Site "St. Petersburg"]
[Date "2018.10.30"]
[Round "4.139"]
[White "Lapin, Artem"]
[Black "Kirchei, Viktoriia"]
[Result "0-1"]
[WhiteElo "1496"]
[BlackElo "2002"]
[PlyCount "144"]
[EventDate "2018.10.27"]
[EventType "swiss"]
[EventCountry "RUS"]
[WhiteTeam "Russland"]
[BlackTeam "Russland"]
[WhiteTeamCountry "RUS"]
[BlackTeamCountry "RUS"]

1. e4 c5 2. Nf3 Nc6 3. Bb5 g6 4. c3 Bg7 5. d4 cxd4 6. cxd4 Qb6 7. Bxc6 bxc6 8. Nc3 d6 9. h3 Ba6 10. Rb1 Rb8 11. Qb3 Qxb3 12. axb3 Rxb3 13. Ra1 Rb6 14. d5 Bxc3+ 15. bxc3 c5 16. Be3 Nf6 17. Nd2 O-O 18. f3 Rfb8 19. Kf2 Ne8 20. h4 Ng7 21. g4 e6 22. f4 exd5 23. exd5 Ne8 24. Ne4 Bc4 25. Rhd1 Rb2+ 26. Kg3 Re2 27. Kf3 Rc2 28. Kg3 f5 29. gxf5 gxf5 30. Nd2 Bxd5 31. Kf2 Nf6 32. Rac1 Ng4+ 33. Ke2 Rxc1 34. Rxc1 Re8 35. Nf1 Bc4+ 36. Kd2 Bxf1 37. Rxf1 Rxe3 38. Rg1 Rf3 39. Ra1 Rf2+ 40. Kd3 Rxf4 41. Rxa7 Ne5+ 42. Ke2 Rxh4 43. Ra6 Rh2+ 44. Ke3 Rc2 45. Kf4 Nf7 46. Kxf5 Rxc3 47. Kf6 Rf3+ 48. Ke7 c4 49. Ra1 Ng5 50. Rg1 h6 51. Kxd6 Kf7 52. Kd5 c3 53. Rc1 Kf6 54. Rh1 Nf7 55. Ke4 Ng5+ 56. Kd4 Kg6 57. Rc1 h5 58. Rc2 h4 59. Rh2 h3 60. Rc2 Kf5 61. Rh2 Kg4 62. Rh1 c2 63. Rg1+ Rg3 64. Rh1 h2 65. Re1 Nf3+ 66. Kc3 Nxe1+ 67. Kd2 h1=Q 68. Kc1 Nd3+ 69. Kd2 Qe1+ 70. Kxc2 Nb4+ 71. Kb2 Qd2+ 72. Kb1 Rg1# 0-1

[Event "Chigorin Memorial 2018"]
[Site "St. Petersburg"]
[Date "2018.10.30"]
[Round "4.140"]
[White "Naryshkina, Irina"]
[Black "Yun, Vyacheslav"]
[Result "0-1"]
[WhiteElo "1425"]
[BlackElo "1931"]
[PlyCount "72"]
[EventDate "2018.10.27"]
[EventType "swiss"]
[EventCountry "RUS"]
[WhiteTeam "Russland"]
[BlackTeam "Russland"]
[WhiteTeamCountry "RUS"]
[BlackTeamCountry "RUS"]

1. d4 d5 2. c4 e6 3. Nc3 c5 4. e3 Nf6 5. Nf3 Nc6 6. a3 a6 7. Be2 dxc4 8. Bxc4 b5 9. Be2 Bb7 10. O-O Bd6 11. dxc5 Bxc5 12. b4 Ba7 13. Bb2 O-O 14. Qxd8 Rfxd8 15. Rfd1 Rac8 16. h3 Ne7 17. Rxd8+ Rxd8 18. Rd1 Rc8 19. Bd3 h6 20. Ra1 Nfd5 21. Nxd5 Nxd5 22. Rc1 Rd8 23. Ne5 Nxe3 24. Rc7 Nd1 25. Bc2 Bxf2+ 26. Kf1 Nxb2 27. Rxb7 Bg3 28. Nxf7 Rd2 29. Bg6 Nc4 30. Bh5 Ne3+ 31. Kg1 Rxg2+ 32. Kh1 Rf2 33. Nxh6+ gxh6 34. Rf7 Rxf7 35. Bxf7+ Kxf7 36. Kg1 Kf6 0-1

[Event "Chigorin Memorial 2018"]
[Site "St. Petersburg"]
[Date "2018.10.30"]
[Round "4.141"]
[White "Kobak, Polina"]
[Black "Grishaev, Igor"]
[Result "0-1"]
[WhiteElo "1373"]
[BlackElo "1893"]
[PlyCount "172"]
[EventDate "2018.10.27"]
[EventType "swiss"]
[EventCountry "RUS"]
[WhiteTeam "Russland"]
[BlackTeam "Russland"]
[WhiteTeamCountry "RUS"]
[BlackTeamCountry "RUS"]

1. d4 Nf6 2. c4 g6 3. f3 c6 4. e4 d5 5. e5 Nfd7 6. cxd5 cxd5 7. Nc3 Nc6 8. Nxd5 Bg7 9. Be3 O-O 10. Bb5 Qa5+ 11. Nc3 Rd8 12. Bxc6 bxc6 13. Nge2 Nxe5 14. O-O Nc4 15. Bc1 Qb6 16. Kh1 e5 17. Na4 Qc7 18. Qc2 Be6 19. Nc5 Bd5 20. b3 Nb6 21. Bb2 exd4 22. Rad1 Re8 23. Bxd4 Qe7 24. Ng3 Bxd4 25. Rxd4 h5 26. Rdd1 f5 27. Nxh5 gxh5 28. Qxf5 Bf7 29. Ne4 Kg7 30. Nd6 Rf8 31. Qh3 Bg6 32. Rfe1 Qg5 33. Ne4 Bxe4 34. Rxe4 Rae8 35. Rde1 Rxe4 36. fxe4 Qe5 37. Qe3 Rf7 38. Kg1 Nd7 39. Qxa7 Nf6 40. Qe3 Ng4 41. Qg3 Qd4+ 42. Kh1 Qf6 43. Kg1 Qd4+ 44. Kh1 Kh6 45. h3 Nf2+ 46. Kh2 Nxe4 47. Qe3+ Qxe3 48. Rxe3 Re7 49. Re1 h4 50. Rf1 Kg5 51. Rf8 Re6 52. Rg8+ Rg6 53. Re8 Kf4 54. Rh8 Kg5 55. Re8 Ng3 56. Re1 Kf5 57. a4 Re6 58. Rc1 Re2 59. Rc5+ Re5 60. Rc1 Kg5 61. Ra1 Rf5 62. a5 Rf1 63. Rxf1 Nxf1+ 64. Kg1 Ne3 65. Kf2 Kf4 66. b4 Nd5 67. a6 Nb6 68. Kf1 Nc8 69. Kf2 Na7 70. Kf1 Ke3 71. g3 hxg3 72. h4 Kf4 73. Kg2 Kg4 74. h5 Kxh5 75. Kxg3 Kg5 76. Kf3 Kf5 77. Ke3 Ke5 78. Kd3 Kd5 79. Kc3 Nb5+ 80. Kd3 Kd6 81. Kc4 Kc7 82. Kc5 Na7 83. Kc4 Kb6 84. Kd4 Kxa6 85. Kc5 Kb7 86. Kd6 Kb6 0-1

[Event "Chigorin Memorial 2018"]
[Site "St. Petersburg"]
[Date "2018.10.30"]
[Round "4.142"]
[White "Burkin, Aleksandr"]
[Black "Bunin, Serafim"]
[Result "0-1"]
[WhiteElo "1309"]
[BlackElo "1876"]
[PlyCount "156"]
[EventDate "2018.10.27"]
[EventType "swiss"]
[EventCountry "RUS"]
[WhiteTeam "Russland"]
[BlackTeam "Russland"]
[WhiteTeamCountry "RUS"]
[BlackTeamCountry "RUS"]

1. e4 c6 2. d4 d5 3. Nc3 dxe4 4. Nxe4 Nf6 5. Nxf6+ gxf6 6. Be3 Bf5 7. Nf3 Bg6 8. Bd3 e6 9. Qd2 Bd6 10. a3 Nd7 11. O-O-O Qc7 12. h3 O-O-O 13. Rhe1 Kb8 14. Kb1 Ka8 15. Ka1 c5 16. dxc5 Nxc5 17. Bxg6 hxg6 18. Qc1 e5 19. Rd5 Be7 20. Rxd8+ Rxd8 21. Rd1 Ne4 22. Rxd8+ Qxd8 23. Nd2 Nd6 24. Qf1 Qc7 25. Qd3 f5 26. f3 Qc6 27. Kb1 b6 28. Qb3 Qb5 29. Qxb5 Nxb5 30. c3 f4 31. Bf2 f5 32. Kc2 Nd6 33. Kd3 Bf6 34. Be1 b5 35. Bf2 Kb7 36. Be1 Kc6 37. Bf2 a6 38. Ba7 Kd5 39. Bb8 Nc8 40. Bc7 Kc6 41. Ba5 Kd5 42. Bc7 g5 43. Ba5 Nd6 44. Bc7 Nf7 45. b3 Be7 46. a4 Kc6 47. Ba5 Nh8 48. Ke2 Ng6 49. Kf1 Nf8 50. Ke2 Ne6 51. axb5+ axb5 52. b4 Bd8 53. Bxd8 Nxd8 54. Kd3 Kd5 55. Nb1 e4+ 56. Ke2 Nf7 57. Na3 Nd6 58. Kf2 Kc6 59. Ke2 Nc8 60. Ke1 Nb6 61. Kd1 Nd5 62. Kd2 Ne3 63. fxe4 fxe4 64. g4 Nd5 65. Nc2 Nc7 66. Nd4+ Kd5 67. Nf5 Ke5 68. Ke2 Nd5 69. Kd2 f3 70. Ne3 Nxe3 71. Kxe3 Kd5 72. Kf2 Ke6 73. Ke3 Ke5 74. Kf2 Kf4 75. c4 e3+ 76. Kg1 Kg3 77. cxb5 e2 78. b6 e1=Q# 0-1

[Event "Chigorin Memorial 2018"]
[Site "St. Petersburg"]
[Date "2018.10.30"]
[Round "4.143"]
[White "Timirev, Sergey"]
[Black "Khalilov, Emin"]
[Result "1/2-1/2"]
[WhiteElo "1788"]
[BlackElo "1556"]
[PlyCount "135"]
[EventDate "2018.10.27"]
[EventType "swiss"]
[EventCountry "RUS"]
[WhiteTeam "Russland"]
[BlackTeam "Aserbeidschan"]
[WhiteTeamCountry "RUS"]
[BlackTeamCountry "AZE"]

1. d4 Nf6 2. c4 e6 3. Nc3 Bb4 4. e3 b6 5. Nge2 Bb7 6. a3 Bxc3+ 7. Nxc3 O-O 8. b4 d5 9. c5 Ne4 10. Nxe4 dxe4 11. Be2 f5 12. f4 Nd7 13. Bc4 Bd5 14. Bxd5 exd5 15. Qe2 Nf6 16. Bb2 c6 17. a4 Rb8 18. Bc3 bxc5 19. dxc5 d4 20. Qc4+ Qd5 21. Qxd4 Qxd4 22. Bxd4 Rxb4 23. Bxf6 Rxf6 24. O-O Rf7 25. Rfd1 Rc7 26. Kf1 Rc4 27. Rdc1 Rxc1+ 28. Rxc1 Rd7 29. Ke2 Rd5 30. Rb1 a5 31. Rc1 Kf7 32. Rc2 Ke6 33. Rc3 Rd7 34. Rc2 Rd3 35. Rb2 Rc3 36. Rb7 Kf6 37. Ra7 Rxc5 38. Ra6 g5 39. fxg5+ Kxg5 40. Ra7 h5 41. Rg7+ Kf6 42. Ra7 Rc2+ 43. Kf1 Rc3 44. Ke2 Rc5 45. Rh7 Rc4 46. Rxh5 Kg6 47. g4 fxg4 48. Rxa5 Rc2+ 49. Kf1 Rxh2 50. Re5 Rc2 51. Rxe4 Kg5 52. Rf4 c5 53. Rf2 Rxf2+ 54. Kxf2 c4 55. a5 c3 56. a6 c2 57. a7 c1=Q 58. a8=Q Qd2+ 59. Kf1 Qd1+ 60. Kf2 Qd2+ 61. Kf1 Qxe3 62. Qg8+ Kh4 63. Qh7+ Kg3 64. Qc7+ Kf3 65. Qf7+ Kg3 66. Qc7+ Qf4+ 67. Qxf4+ Kxf4 68. Kg2 1/2-1/2

[Event "Chigorin Memorial 2018"]
[Site "St. Petersburg"]
[Date "2018.10.30"]
[Round "4.144"]
[White "Shemyakinskiy, Nikita"]
[Black "Shevtsova, Stefania"]
[Result "1-0"]
[WhiteElo "1655"]
[BlackElo "1553"]
[PlyCount "120"]
[EventDate "2018.10.27"]
[EventType "swiss"]
[EventCountry "RUS"]
[WhiteTeam "Russland"]
[BlackTeam "Russland"]
[WhiteTeamCountry "RUS"]
[BlackTeamCountry "RUS"]

1. e4 c6 2. d4 d5 3. e5 Bf5 4. h4 h5 5. Bg5 Qb6 6. Bd3 Bxd3 7. Qxd3 Qxb2 8. e6 Qxa1 9. Qb3 Qxd4 10. Be3 Qe5 11. Qxb7 Qxe6 12. Qxa8 Qd6 13. Bxa7 Qb4+ 14. Nd2 Qb2 15. Qxb8+ Qxb8 16. Bxb8 e6 17. Ne2 Nf6 18. O-O Kd7 19. Rb1 Bd6 20. Bxd6 Kxd6 21. Rb7 Ra8 22. Nc1 Nd7 23. Ndb3 Ra4 24. Rxd7+ Kxd7 25. Nc5+ Kd6 26. Nxa4 c5 27. Nb2 Kc6 28. Kf1 c4 29. c3 Kb5 30. Ke2 Kc5 31. Kd2 d4 32. cxd4+ Kxd4 33. Ne2+ Kc5 34. Kc3 e5 35. Nxc4 f6 36. a4 g6 37. Nc1 e4 38. Nb3+ Kc6 39. a5 g5 40. hxg5 fxg5 41. Nbd2 e3 42. Nxe3 g4 43. a6 Kb6 44. Nd5+ Kxa6 45. Nf6 Kb6 46. Nxh5 Kc5 47. Ne4+ Kd5 48. Nef6+ Ke5 49. Nxg4+ Kf5 50. Ne3+ Kg5 51. Ng3 Kf4 52. Ne2+ Kg5 53. g3 Kf6 54. Kd4 Kg5 55. f4+ Kf6 56. g4 Kg6 57. Ke5 Kf7 58. Kf5 Kg7 59. Ke6 Kf8 60. Kf6 Kg8 1-0

[Event "Chigorin Memorial 2018"]
[Site "St. Petersburg"]
[Date "2018.10.30"]
[Round "4.145"]
[White "Zakharov, Yuri"]
[Black "Romanov, Ivan I."]
[Result "1-0"]
[WhiteElo "1650"]
[BlackElo "1385"]
[PlyCount "100"]
[EventDate "2018.10.27"]
[EventType "swiss"]
[EventCountry "RUS"]
[WhiteTeam "Russland"]
[BlackTeam "Russland"]
[WhiteTeamCountry "RUS"]
[BlackTeamCountry "RUS"]

1. Nf3 d5 2. g3 c6 3. Bg2 Bg4 4. Ne5 Bf5 5. d4 Nd7 6. Nd3 e6 7. O-O c5 8. e3 Ngf6 9. b3 cxd4 10. exd4 Bd6 11. Bb2 Rc8 12. c3 O-O 13. Qe2 Qb6 14. Nd2 Qb5 15. c4 dxc4 16. Nxc4 Bxd3 17. Qxd3 Nb6 18. Rfc1 Nxc4 19. Rxc4 Nd5 20. Bf1 Rxc4 21. Qxc4 Qxc4 22. bxc4 Nf6 23. f3 b6 24. Rc1 Rc8 25. Kf2 Kf8 26. Bg2 h6 27. h3 Nh5 28. f4 g5 29. Bf3 Nxg3 30. fxg5 hxg5 31. c5 Bf4 32. Rc2 bxc5 33. dxc5 Nf5 34. c6 Ke7 35. Rc4 f6 36. Ba3+ Bd6 37. Bb2 Ng7 38. Bd4 Rc7 39. Ra4 Be5 40. Bxa7 Kd6 41. Bb6 Nf5 42. Bxc7+ Kxc7 43. Ra7+ Kb6 44. Rb7+ Ka6 45. Be2+ Ka5 46. Rb5+ Ka4 47. Rxe5 fxe5 48. c7 Nd6 49. Ba6 Ka3 50. Bc4 e4 1-0

[Event "Chigorin Memorial 2018"]
[Site "St. Petersburg"]
[Date "2018.10.30"]
[Round "4.148"]
[White "Soloviev, Mikhail"]
[Black "Bobrov, Vladimir"]
[Result "0-1"]
[WhiteElo "1636"]
[BlackElo "1219"]
[PlyCount "115"]
[EventDate "2018.10.27"]
[EventType "swiss"]
[EventCountry "RUS"]
[WhiteTeam "Russland"]
[BlackTeam "Russland"]
[WhiteTeamCountry "RUS"]
[BlackTeamCountry "RUS"]

1. d4 d5 2. Nf3 Nf6 3. e3 e6 4. Bd3 c5 5. Nbd2 c4 6. Be2 Nc6 7. c3 Bd6 8. Qc2 O-O 9. e4 dxe4 10. Nxe4 Nxe4 11. Qxe4 f5 12. Qc2 b5 13. O-O Bb7 14. Ng5 Rf6 15. f4 h6 16. Nf3 Rg6 17. g3 Qc7 18. Ne5 Nxe5 19. fxe5 Be7 20. Qd1 Bg5 21. Bh5 Bxc1 22. Rxc1 Rg5 23. Bf3 Rb8 24. b3 cxb3 25. axb3 Qb6 26. Bxb7 Rxb7 27. Qf3 Rb8 28. Rfd1 Rf8 29. Qd3 f4 30. Rf1 Rxe5 31. Rxf4 Rxf4 32. gxf4 Rf5 33. Qe3 e5 34. fxe5 Qg6+ 35. Kh1 Qc6+ 36. Kg1 Rg5+ 37. Kf1 Qh1+ 38. Ke2 Qxh2+ 39. Kd3 Rg3 40. Re1 Rxe3+ 41. Rxe3 Qh5 42. e6 Kf8 43. e7+ Ke8 44. Re5 Qg6+ 45. Ke3 h5 46. Rxb5 Kxe7 47. Rb7+ Kd8 48. Rxa7 Qe6+ 49. Kf3 Qxb3 50. Rxg7 Qxc3+ 51. Ke4 h4 52. Kd5 h3 53. Rg8+ Ke7 54. Rg7+ Kf8 55. Ra7 h2 56. Ke6 Qc4+ 57. Kf6 Qc6+ 58. Kf5 0-1

[Event "Chigorin Memorial 2018"]
[Site "St. Petersburg"]
[Date "2018.10.31"]
[Round "5"]
[White "Paravyan, David"]
[Black "Khanin, Semen"]
[Result "1-0"]
[WhiteElo "2629"]
[BlackElo "2510"]
[Annotator "TA"]
[PlyCount "81"]
[EventDate "2018.10.27"]
[EventType "swiss"]
[EventCountry "RUS"]
[SourceTitle "playchess.com"]
[Source "ChessBase"]
[SourceQuality "1"]

1. e4 e5 2. Nf3 Nf6 3. Nxe5 d6 4. Nf3 Nxe4 5. Nc3 Nxc3 6. dxc3 Be7 7. Be3 O-O 8. Qd2 Nd7 9. O-O-O c6 10. Kb1 d5 11. h4 Bc5 12. Bd3 Bxe3 13. Qxe3 Nf6 14. Qf4 h6 15. Nd4 Re8 16. f3 Nh5 17. Qh2 Qf6 18. g4 Nf4 19. g5 Qe5 20. Qd2 Qd6 21. gxh6 Qxh6 22. Rhg1 Kf8 23. c4 a5 24. a4 Qf6 25. Qc3 c5 26. Nb5 Qxc3 27. bxc3 Rd8 28. cxd5 Nxd5 29. Be4 Be6 30. Kc1 Rab8 31. Rg5 Nb6 32. Rdg1 g6 33. Bxg6 fxg6 34. Rxg6 Kf7 35. Nc7 Nxa4 36. Rg7+ Kf6 37. R1g6+ Kf5 38. Rg5+ Kf6 39. R5g6+ Kf5 40. Rxe6 Kf4 41. Re4+ 1-0

[Event "Chigorin Memorial 2018"]
[Site "St. Petersburg"]
[Date "2018.10.31"]
[Round "5"]
[White "Popov, Ivan"]
[Black "Idani, Pouya"]
[Result "0-1"]
[WhiteElo "2611"]
[BlackElo "2588"]
[Annotator "TA"]
[PlyCount "120"]
[EventDate "2018.10.27"]
[EventType "swiss"]
[EventCountry "RUS"]
[SourceTitle "playchess.com"]
[Source "ChessBase"]
[SourceQuality "1"]

1. e4 c5 2. Nf3 d6 3. d4 cxd4 4. Nxd4 Nf6 5. Nc3 a6 6. Nf3 Nbd7 7. a4 e6 8. a5 Be7 9. Be2 O-O 10. O-O Qc7 11. Be3 Nc5 12. Nd2 Bd7 13. f4 Rad8 14. b4 Nb3 15. Ra3 Nxd2 16. Bb6 Qb8 17. Bxd8 Rxd8 18. Qxd2 d5 19. Rb3 Qa7+ 20. Kh1 d4 21. Nd1 Nxe4 22. Qe1 Ba4 23. Rh3 Bxc2 24. Bd3 Bxd3 25. Rxd3 Nf6 26. f5 e5 27. Qxe5 Bxb4 28. Qc7 Qb8 29. Qxb8 Rxb8 30. Rxd4 Bxa5 31. Ne3 b5 32. Nd5 Nxd5 33. Rxd5 Bc3 34. Rb1 Kf8 35. Rc5 Bf6 36. Rc6 b4 37. Rxa6 b3 38. g4 b2 39. Kg2 h6 40. Kf3 Rb3+ 41. Ke4 Rb4+ 42. Kf3 Kg8 43. h3 Be5 44. Ra5 f6 45. Rd5 Kh7 46. Ra5 Rf4+ 47. Ke3 Rb4 48. Kf3 h5 49. g5 h4 50. Rd5 Bc3 51. Rd3 Rc4 52. Rxc3 Rxc3+ 53. Kg4 Rc4+ 54. Kh5 Rb4 55. g6+ Kg8 56. Re1 Rb8 57. Rb1 Kf8 58. Kxh4 Ke7 59. Kg4 Kd6 60. h4 Ke5 0-1

[Event "Chigorin Memorial 2018"]
[Site "St. Petersburg"]
[Date "2018.10.31"]
[Round "5"]
[White "Kokarev, Dmitry"]
[Black "Sengupta, Deep"]
[Result "1/2-1/2"]
[WhiteElo "2604"]
[BlackElo "2557"]
[Annotator "TA"]
[PlyCount "222"]
[EventDate "2018.10.27"]
[EventType "swiss"]
[EventCountry "RUS"]
[SourceTitle "playchess.com"]
[Source "ChessBase"]
[SourceQuality "1"]

1. g3 e5 2. c4 Nc6 3. Bg2 g6 4. Nc3 Bg7 5. d3 d6 6. e4 Nge7 7. Nge2 O-O 8. O-O a6 9. Nd5 h6 10. Bd2 f5 11. exf5 Bxf5 12. Be3 Qd7 13. Qd2 Kh7 14. Nxe7 Qxe7 15. Nc3 Rae8 16. Rab1 Qd7 17. Rfe1 Bh3 18. Bh1 Ne7 19. b4 Nf5 20. Qd1 Nxe3 21. Rxe3 h5 22. a4 Bh6 23. Re1 Bg4 24. Qc2 h4 25. Re4 hxg3 26. hxg3 Rf7 27. Rf1 Ref8 28. Nd5 Bg5 29. Bg2 Be6 30. b5 axb5 31. axb5 c6 32. Nc3 Kg7 33. bxc6 bxc6 34. Ree1 Bh3 35. f3 Bf5 36. Ne4 Bd8 37. c5 dxc5 38. Qxc5 Qxd3 39. Qxe5+ Kg8 40. Qc5 Qb5 41. Qxb5 cxb5 42. g4 Bb6+ 43. Kh2 Bc7+ 44. Kg1 Bb6+ 45. Kh2 Bc7+ 46. Kg1 Bc8 47. Rb1 Bb6+ 48. Kh2 Bc7+ 49. Kg1 Bd7 50. Rfd1 Bb6+ 51. Kf1 Bc6 52. Rb4 Rf4 53. Rd6 Bxe4 54. Rxe4 Rxe4 55. Rxg6+ Kh8 56. Rxb6 b4 57. Kg1 Re1+ 58. Kh2 Rb1 59. Kg3 b3 60. f4 b2 61. Be4 Rg1+ 62. Kf2 Rxg4 63. Rxb2 Rfxf4+ 64. Bf3 Rg5 65. Ke3 Rh4 66. Rb8+ Kg7 67. Rb7+ Kf6 68. Rb6+ Ke7 69. Rb7+ Kd6 70. Rb6+ Kc7 71. Rb7+ Kc8 72. Rf7 Re5+ 73. Kf2 Kd8 74. Kg3 Rh6 75. Rf4 Rg6+ 76. Rg4 Rf6 77. Rd4+ Kc7 78. Rc4+ Kb6 79. Rf4 Rg5+ 80. Rg4 Rgf5 81. Be4 Rf1 82. Bg2 Rg1 83. Rg5 Rf8 84. Kh2 Re1 85. Kg3 Kc7 86. Rc5+ Kd6 87. Rc3 Re7 88. Bf3 Rg7+ 89. Kf2 Ke5 90. Re3+ Kd4 91. Re4+ Kc5 92. Re5+ Kd6 93. Re3 Ra7 94. Re2 Ra1 95. Re3 Rh8 96. Rd3+ Ke5 97. Rd5+ Ke6 98. Rd3 Ra2+ 99. Ke3 Ra5 100. Rd4 Ra3+ 101. Rd3 Ra7 102. Rd4 Rh2 103. Re4+ Kd6 104. Rd4+ Kc5 105. Rd5+ Kb6 106. Rd6+ Kc7 107. Rc6+ Kd7 108. Rc3 Ra5 109. Kf4 Rf2 110. Ke3 Rf1 111. Kf4 Ra4+ 1/2-1/2

[Event "Chigorin Memorial 2018"]
[Site "St. Petersburg"]
[Date "2018.10.31"]
[Round "5"]
[White "Goganov, Aleksey"]
[Black "Ter-Sahakyan, Samvel"]
[Result "1/2-1/2"]
[WhiteElo "2592"]
[BlackElo "2547"]
[Annotator "TA"]
[PlyCount "85"]
[EventDate "2018.10.27"]
[EventType "swiss"]
[EventCountry "RUS"]
[SourceTitle "playchess.com"]
[Source "ChessBase"]
[SourceQuality "1"]

1. d4 Nf6 2. c4 e6 3. Nf3 Bb4+ 4. Bd2 Qe7 5. g3 Bxd2+ 6. Nbxd2 d5 7. Bg2 O-O 8. O-O b6 9. Qc2 Bb7 10. Ne5 Rc8 11. e4 dxc4 12. Nexc4 Nc6 13. e5 Nd5 14. Qe4 Rd8 15. Nf3 a5 16. h4 h6 17. Rac1 a4 18. a3 Rd7 19. Qc2 Qd8 20. Rfd1 Nce7 21. Nh2 Nf5 22. Nf1 Qb8 23. Qe4 Ra7 24. Qg4 Nde7 25. Bxb7 Qxb7 26. Rd2 Ra8 27. Rcd1 Rad8 28. h5 b5 29. Nce3 b4 30. d5 bxa3 31. bxa3 Nxe3 32. Nxe3 Nxd5 33. Rxd5 Rxd5 34. Rxd5 Rxd5 35. Nxd5 exd5 36. Qxa4 c5 37. Qe8+ Kh7 38. e6 Qb1+ 39. Kh2 fxe6 40. Qxe6 c4 41. a4 c3 42. a5 c2 43. Qg6+ 1/2-1/2

[Event "Chigorin Memorial 2018"]
[Site "St. Petersburg"]
[Date "2018.10.31"]
[Round "5"]
[White "Gareyev, Timur"]
[Black "Afanasiev, Nikita"]
[Result "1-0"]
[WhiteElo "2584"]
[BlackElo "2487"]
[Annotator "TA"]
[PlyCount "107"]
[EventDate "2018.10.27"]
[EventType "swiss"]
[EventCountry "RUS"]
[SourceTitle "playchess.com"]
[Source "ChessBase"]
[SourceQuality "1"]

1. d4 d5 2. c4 e6 3. Nf3 Nf6 4. Nc3 Be7 5. Bf4 O-O 6. Qc2 c5 7. dxc5 Bxc5 8. cxd5 exd5 9. e3 Nc6 10. Be2 Be6 11. O-O h6 12. Rfd1 Be7 13. Ne5 Bd6 14. Nxc6 bxc6 15. Bxd6 Qxd6 16. Rac1 Rab8 17. h3 Rfe8 18. Na4 Bd7 19. Nc5 Re5 20. Rd4 Bf5 21. Bd3 Bxd3 22. Nxd3 Re6 23. b4 Ne4 24. Nc5 Nxc5 25. Qxc5 Rb6 26. e4 Qb8 27. exd5 cxd5 28. a3 Qe8 29. Rf1 Re1 30. Rxd5 Rc6 31. Qb5 a6 32. Rxe1 Qxe1+ 33. Qf1 Qe6 34. Qd3 g5 35. Qd4 Kh7 36. Qe5 Kg6 37. g4 Qxe5 38. Rxe5 h5 39. h4 f6 40. Rc5 Rd6 41. gxh5+ Kxh5 42. hxg5 fxg5 43. f4 Kg4 44. fxg5 Kf3 45. Rc2 Kg3 46. Rg2+ Kh3 47. Kf1 Rd1+ 48. Ke2 Rd5 49. Kf3 Rd3+ 50. Ke4 Rxa3 51. Rg1 Kh2 52. Rg4 Ra4 53. Kf5 a5 54. b5 1-0

[Event "Chigorin Memorial 2018"]
[Site "St. Petersburg"]
[Date "2018.10.31"]
[Round "5"]
[White "Ivanisevic, Ivan"]
[Black "Yeletsky, Ivan"]
[Result "1/2-1/2"]
[WhiteElo "2583"]
[BlackElo "2401"]
[Annotator "TA"]
[PlyCount "86"]
[EventDate "2018.10.27"]
[EventType "swiss"]
[EventCountry "RUS"]
[SourceTitle "playchess.com"]
[Source "ChessBase"]
[SourceQuality "1"]

1. d4 d5 2. c4 c6 3. cxd5 cxd5 4. Nc3 Nf6 5. f3 Nc6 6. e4 dxe4 7. d5 Ne5 8. fxe4 e6 9. Nf3 Nxf3+ 10. gxf3 exd5 11. Bg5 Be7 12. Bb5+ Kf8 13. e5 Nd7 14. Bxe7+ Qxe7 15. Qxd5 Qxe5+ 16. Kf2 Qxd5 17. Nxd5 a6 18. Rhe1 Rb8 19. Nb6 axb5 20. Rad1 g6 21. Nxd7+ Bxd7 22. Rxd7 Kg7 23. Ree7 Rhf8 24. Rxb7 b4 25. Rxf7+ Rxf7 26. Rxb8 Ra7 27. Rxb4 Rxa2 28. Rb7+ Kf6 29. Kg3 h6 30. Rb6+ Kf5 31. b4 Ra1 32. Rb8 Rg1+ 33. Kf2 Rh1 34. Kg2 Rb1 35. b5 Kf4 36. b6 Rb2+ 37. Kh3 Rb3 38. b7 Kxf3 39. Rg8 Kf2+ 40. Kg4 Rb4+ 41. Kh3 Rb3+ 42. Kg4 Rb4+ 43. Kh3 Rb3+ 1/2-1/2

[Event "Chigorin Memorial 2018"]
[Site "St. Petersburg"]
[Date "2018.10.31"]
[Round "5"]
[White "Timofeev, Artyom"]
[Black "Melnikov, Dmitry"]
[Result "1-0"]
[WhiteElo "2580"]
[BlackElo "2207"]
[Annotator "TA"]
[PlyCount "109"]
[EventDate "2018.10.27"]
[EventType "swiss"]
[EventCountry "RUS"]
[SourceTitle "playchess.com"]
[Source "ChessBase"]
[SourceQuality "1"]

1. e4 e5 2. Nf3 Nc6 3. Nc3 Nf6 4. Be2 d5 5. exd5 Nxd5 6. d3 Bb4 7. Bd2 Bxc3 8. bxc3 O-O 9. O-O Qf6 10. Kh1 b6 11. Ng5 Bb7 12. Bf3 Rad8 13. Be4 g6 14. Qg4 Qg7 15. Qh4 h6 16. Nf3 g5 17. Nxg5 hxg5 18. Bxg5 f5 19. Bh6 Qg6 20. Bxd5+ Rxd5 21. Bxf8 Kxf8 22. f4 Nd8 23. Qh8+ Ke7 24. fxe5 Nf7 25. Qh4+ Kf8 26. Qf6 Qxf6 27. exf6 Nh6 28. Rae1 Ng8 29. c4 Ra5 30. a3 Nxf6 31. Kg1 Kf7 32. h3 Bc8 33. Ra1 Kg6 34. Rf4 Nh5 35. Rd4 Bb7 36. Kf2 Nf6 37. g3 Re5 38. Rd8 Kg5 39. Rb8 Bc6 40. Re1 Rxe1 41. Kxe1 Kg6 42. Rc8 Ne8 43. Kd2 Kf6 44. Rd8 Ke7 45. Rd4 Bg2 46. Rh4 Ng7 47. Rh8 Ne6 48. Ke3 Kf6 49. h4 Bf1 50. Ra8 a5 51. Ra7 Ke5 52. c5 Kd5 53. cxb6 cxb6 54. h5 Ke5 55. h6 1-0

[Event "Chigorin Memorial 2018"]
[Site "St. Petersburg"]
[Date "2018.10.31"]
[Round "5"]
[White "Anisimov, Pavel"]
[Black "Perunovic, Milos"]
[Result "1/2-1/2"]
[WhiteElo "2521"]
[BlackElo "2606"]
[Annotator "TA"]
[PlyCount "57"]
[EventDate "2018.10.27"]
[EventType "swiss"]
[EventCountry "RUS"]
[SourceTitle "playchess.com"]
[Source "ChessBase"]
[SourceQuality "1"]

1. e4 c5 2. Nf3 e6 3. d4 cxd4 4. Nxd4 Nf6 5. Bd3 Nc6 6. Nxc6 bxc6 7. c4 e5 8. Be3 Rb8 9. Qe2 d5 10. exd5 Bb4+ 11. Nc3 cxd5 12. cxd5 Nxd5 13. Bb5+ Bd7 14. Bxd7+ Qxd7 15. Bd2 O-O 16. O-O Bxc3 17. Bxc3 Nxc3 18. bxc3 Qe6 19. Rfe1 Rfc8 20. Qxe5 Qxe5 21. Rxe5 Rxc3 22. Ra5 Rb7 23. Re1 g6 24. g3 Rc2 25. a4 Rbb2 26. Rf1 Rb7 27. Re1 Rbb2 28. Rf1 Rb7 29. Re1 1/2-1/2